Mega-Evolutions Pokemon #3 - Statistiques

Statistiques générales
  • Ce quiz a été pris 43 fois
  • Le résultat moyen est 14 sur 15
Statistiques - réponses
Question Réponse % Correct
Elekable Non
100%
Hyporoi Non
100%
Nanméouïe Oui
100%
Pharamp Oui
100%
Tranchodon Non
94%
Crocorible Non
94%
Goupelin Non
94%
Blizzaroi Oui
94%
Diancie Oui
94%
Mysdibule Oui
94%
Scarhino Oui
94%
Démolosse Oui
94%
Branette Oui
94%
Charmina Oui
94%
Flambusard Non
88%
Aucun quiz correspondant
Distribution des résultats
% des personnes avec chaque résultat
Percentile par nombre de réponses
Votre historique - résultats
Vous n’avez pas pris ce quiz